Toronto - quiz wielokrotnego wyboru - Statystyki

Ogólne statystyki
  • Ten quiz został rozwiązany 383 razy
    382 od ostatniego zresetowania
  • Średni wynik to 6 z 10
Statystyki odpowiedzi
Zagadnienie Odpowiedź % Poprawnych
Która budowla w Toronto była najwyższą wolno stojącą konstrukcją na świecie w latach 1976–2007? CN Tower
90%
Nad brzegiem którego jeziora leży Toronto? Ontario
80%
Której prowincji Kanady stolicą jest Toronto? Ontario
80%
Który z tych raperów pochodzi z Toronto i często można go zobaczyć na boisku podczas meczów Toronto Raptors? Drake
67%
Jak nazywa się drużyna hokejowa National Hockey League z Toronto? Maple Leafs
60%
Która flaga przedstawia flagę Toronto?
59%
PATH w Toronto jest ... Największym podziemnym kompleksem handlowym na świecie
57%
Który film Pixara rozgrywa się w Toronto? To nie wypanda
34%
Jak nazywało się Toronto, kiedy zostało założone? York
31%
Która ulica biegnie przez miasto z północy na południe i została błędnie nazwana najdłuższą ulicą na świecie przez Guinnessa? Yonge Street
29%
Nie znaleziono quizów pasujących do podanych kryteriów
Rozkład punktacji
Procent ludzi z każdym wynikiem
Percentyl według liczby udzielonych odpowiedzi
Twoja historia wyników
Nie rozwiązałeś tego quizu od ostatniego zresetowania